Isssues in nonmarket valuation and policy application (Registro nro. 12644)

Detalles MARC
000 -CABECERA
Campo de control 006720000a22002050004500
090 ## - CLASIFICACIÓN LOCAL
Colección AR
Consecutivo 03594
041 0# - IDIOMA
Código de idioma para texto/pista de sonido o título separado
100 1# - ASIENTO PRINCIPAL--NOMBRE PERSONAL
Nombre personal Walsh, Richard G.
245 10 - MENCION DE TITULO
Título Isssues in nonmarket valuation and policy application
Version a retrospective glance
500 ## - NOTA GENERAL
Nota general <Colección uso y valoración>
650 14 - ASIENTO SECUNDARIO DE MATERIA - TERMINO TEMATICO
Término temático o nombre geográfico como elemento de entrada Economía ambiental
650 14 - ASIENTO SECUNDARIO DE MATERIA - TERMINO TEMATICO
Término temático o nombre geográfico como elemento de entrada Valoración contingente
650 14 - ASIENTO SECUNDARIO DE MATERIA - TERMINO TEMATICO
Término temático o nombre geográfico como elemento de entrada Costo de viaje
650 14 - ASIENTO SECUNDARIO DE MATERIA - TERMINO TEMATICO
Término temático o nombre geográfico como elemento de entrada Recreación
651 #4 - ASIENTO SECUNDARIO DE MATERIA - NOMBRE GEOGRAFICO
-- Estados Unidos
700 1# - ASIENTO SECUNDARIO - NOMBRE PERSONAL
Nombre personal Johnson, Donn M.
700 1# - ASIENTO SECUNDARIO - NOMBRE PERSONAL
Nombre personal McKean, John R.
773 1# - Item fuente:
Título Western Journal of Agricultural Economics
Descripción física 1
Paginas del Articulo 178-188
Lugar, editorial y fecha de publicación 1989
Información sobre la relación 14
942 ## - ELEMENTOS ADICIONALES (KOHA)
Tipo de ítem Artículo
Existencias
Withdrawn status Lost status Damaged status No para préstamo Colección Ubicación Permanente Ubicación actual Fecha de adquisición Fuente de Valor Datos de publicación Seriada Total Checkouts Número topográfico Inventario / Código de Barras Date last seen Ejemplar Price effective from Forma de adquisición Tipo de material
      No para Préstamo Hemeroteca Bogotá Bogotá 27/02/2015 Cavelier, Inés Fuera de circulación   AR 03594 017151 25/03/2015 1 25/03/2015   Artículo